00735nam a2200217 4500003000900000005001700009008004100026040004300067041000800110082002300118100002800141245008400169264003500253300002400288336002400312337002800336338004300364546002400407650002900431856005700460EG-GICUC20260209121350.0260209s1976 fr ||||fr|||| 00| 0 fre d aEG-GiCUCbfrecEG-GiCUCdEG-GiCUCeRda0 afre04221a341.73bBE . M1 aBerlia, Gorges eAuteur13aLa maintien de la paix doctrines et problèmes (1919 - 1976) /cGorges Berlia. 1aParis :bGorges Berlia,c1976. a341 page ;c 24 cm. 2rda contenua texte 2rda mediasaOrdinateur 2 transporteur rdaa Ressource en ligne aTexte en français14aPublic international law40uhttps://fll.law.cu.edu.eg/fulltext/bks/B11-07596.pdf